Základy teorie účetnictví

Gespeichert in:
Bibliographische Detailangaben
1. Verfasser: Fireš, Bohuslav
Körperschaft: Vysoká škola ekonomická v Praze. Fakulta řízení
Format: Buch
Sprache:Tschechisch
Veröffentlicht: Praha Státní pedagogické nakladatelství 1984
Tags: Tag hinzufügen
Keine Tags, Fügen Sie das erste Tag hinzu!

MARC

LEADER 00000nam a2200000 4500
001 c107036
005 20190425094455.8
041 0 |a cze 
044 |a CZ 
245 1 0 |a Základy teorie účetnictví  |c Bohuslav Fireš 
264 1 |a Praha  |b Státní pedagogické nakladatelství  |c 1984 
300 |a 235 s. 
100 1 |a Fireš, Bohuslav 
710 2 |a Vysoká škola ekonomická v Praze. Fakulta řízení